All the Geography I know By Letter-U - Statistics

General Stats
  • This quiz has been taken 62 times
  • The average score is 5 of 7
Answer Stats
Hint Answer % Correct
Country in Africa Uganda
98%
Country in South America Uruguay
98%
Country in the Middle East UAE/uae/Uae
85%
Country in North America United States/usa/Usa
85%
State in the Above Utah
81%
Region of Italy Umbria
58%
Samoan Island Upolu
13%
No matching quizzes found
Score Distribution
Percent of People with Each Score
Percentile by Number Answered
Your Score History
You have not taken this quiz